Renacimientos / (Registro nro. 4376)

Detalles MARC
000 -LEADER
fixed length control field 01140nam a2200301Ia 4500
003 - CONTROL NUMBER IDENTIFIER
control field OSt
005 - DATE AND TIME OF LATEST TRANSACTION
control field 20200311150436.0
008 - FIXED-LENGTH DATA ELEMENTS--GENERAL INFORMATION
fixed length control field 191128s2017 ck gr 000 0 spa d
020 ## - INTERNATIONAL STANDARD BOOK NUMBER
International Standard Book Number 9789585624610
040 ## - CATALOGING SOURCE
Original cataloging agency CO-JMCR
Transcribing agency CO-JMCR
041 0# - LANGUAGE CODE
Language code of text/sound track or separate title spa
082 04 - DEWEY DECIMAL CLASSIFICATION NUMBER
Classification number 070.442 /
Edition number C965r
100 1# - MAIN ENTRY--PERSONAL NAME
Personal name Cuenú Mosquera, Yaír Mosquera,
Relator term autor
9 (RLIN) 1426
245 10 - TITLE STATEMENT
Title Renacimientos /
Statement of responsibility, etc. Yaír André Cuenú Mosquera ; coordinador Juan Álvarez, Juan Cárdenas, Elizabeth Valenzuela
260 ## - PUBLICATION, DISTRIBUTION, ETC.
Place of publication, distribution, etc. Bogotá :
Name of publisher, distributor, etc. Ministerio de Ambiente y Desarrollo Sostenible,
Date of publication, distribution, etc. 2017
300 ## - PHYSICAL DESCRIPTION
Extent 18 páginas ;
Dimensions 21 cm
490 0# - SERIES STATEMENT
Series statement Maletín de relatos pacíficos
546 ## - LANGUAGE NOTE
Language note spa
650 14 - SUBJECT ADDED ENTRY--TOPICAL TERM
Topical term or geographic name entry element Literatura colombiana
9 (RLIN) 1427
650 24 - SUBJECT ADDED ENTRY--TOPICAL TERM
Topical term or geographic name entry element Poesía colombiana
Chronological subdivision Siglo XXI
9 (RLIN) 1428
650 24 - SUBJECT ADDED ENTRY--TOPICAL TERM
Topical term or geographic name entry element Cuentos colombianos
Chronological subdivision Siglo XXI
9 (RLIN) 1429
650 24 - SUBJECT ADDED ENTRY--TOPICAL TERM
Topical term or geographic name entry element Novela colombiana
Chronological subdivision Siglo XXI
9 (RLIN) 1430
700 1# - ADDED ENTRY--PERSONAL NAME
Personal name Álvarez, Juan,
Relator term coordinador
9 (RLIN) 1264
700 1# - ADDED ENTRY--PERSONAL NAME
Personal name Cárdenas, Juan,.
Relator term coordinador
9 (RLIN) 1268
700 1# - ADDED ENTRY--PERSONAL NAME
Personal name Valenzuela, Elizabeth,
Relator term coordinador
9 (RLIN) 1269
799 ## - LOCAL ADDED ENTRY--UNIFORM TITLE (RLIN)
Uniform title Álvarez, Juan, coordinador Cárdenas, Juan, coordinador Valenzuela, Elizabeth, coordinador
942 ## - ADDED ENTRY ELEMENTS (KOHA)
Source of classification or shelving scheme Dewey Decimal Classification
Koha item type Books
Existencias
Withdrawn status Lost status Source of classification or shelving scheme Materials specified (bound volume or other part) Damaged status Not for loan Home library Current library Shelving location Date acquired Source of acquisition Cost, normal purchase price Total Checkouts Full call number Barcode Date last seen Copy number Price effective from Koha item type
    Dewey Decimal Classification Donación--28/09/2018--     Biblioteca Pública José María del Castillo y Rada Biblioteca Pública José María del Castillo y Rada General Stacks 11/28/2019 Donación 0.00   070.442 / C965r 201809226 05/16/2024 V.23 / Ej.1 11/28/2019 Books